Name the 2000's Kids Show Based on the Characters - Statistics

General Stats
  • This quiz has been taken 120 times
  • The average score is 13 of 28
Answer Stats
Characters Show % Correct
Spongebob, Patrick, Sandy, Gary, Mr. Krabs Spongebob Squarepants
88%
Phineas, Ferb, Candace, Jeremy, Isabella, Baljeet Phineas and Ferb
87%
Carly, Sam, Freddie, Spencer, Nevel, Lewbert iCarly
83%
Bubbles, Buttercup, Blossom, Professor Utonium Powerpuff Girls
79%
Raven, Cory, Chelsea, Victor, Eddie, Tanya That's So Raven
74%
Jessie, Bertram, Ravi, Luke, Emma, Zuri Jessie
70%
Tori, Trina, Jade, Andre, Cat, Beck Victorious
70%
Timmy, Vicky, Cosmo, Wanda Fairly Odd Parents
68%
Miley, Robbie, Lily, Oliver, Jackson Hannah Montana
68%
Zack, Cody, London, Maddie, Moseby The Suite Life of Zack & Cody
62%
Alex, Justin, Harper, Max, Zeke Wizards of Waverly Place
60%
Teddy, Gabe, Charlie, PJ, Bob Good Luck Charlie
59%
Malcolm, Hal, Lois, Dewey, Cynthia, Francis Malcolm in the Middle
57%
Lizzie, Gordo, Miranda, Jo, Kate Lizzie McGuire
50%
Nick, Joe, Kevin, Stella, Macy, Frankie Jonas
47%
Cory, Topanga, Shawn, Eric, Feeny, Angela Boy Meets World
43%
Chad, Sonny, Tawni, Grady, Zora, Nico Sonny With a Chance
42%
Chyna, Fletcher, Olive, Lexi, Angus, Paisley Ant Farm
35%
Cory, Victor, Newt, Meena, Sophie, Raven Cory in the House
29%
Lou, Emma, Ravi, Hazel, Xander, Jorge Bunk'd
27%
Ned, Simon, Jennifer, Billy, Coconut Head Ned's Declassified School Survival Guide
24%
Pim, Phil, Lloyd, Barb, Keely, Debbie Phil of the Future
19%
Screech, Zach, Kelly, AC, Lisa, Jessie Saved by the Bell
19%
Johnny, Hugh, Susan, Mary, Dukey, Gil Johnny Test
16%
Penny, Dijonay, Oscar, Trudy, Zoey, Bobby The Proud Family
15%
Ren, Donnie, Louis, Steve, Alan, Beans Even Stevens
11%
Cliff, Theodore, Clair, Vanessa, Rudy, Denise The Cosby Show
9%
Ricky, Amy, Ben, George, Adrian, Grace, Anne The Secret Life of the American Teenager
3%
No matching quizzes found
Score Distribution
Percent of People with Each Score
Percentile by Number Answered
Your Score History
You have not taken this quiz